000 01218nam a2200325 a 4500
001 000112353
003 CHAP
005 20220329144259.0
008 160304s2016 mx |sm |||||||spa d
010 _a108814
011 _a109786
040 _cCHAP
090 _aTesis
100 1 _aTapia Alfaro, Antonio Martín
_9130596
245 1 0 _aControl de la maleza mixta en maíz en labranza de conservacion con mezclas de herbicidas
_h[En línea]
_cpor Antonio Martín Tapia Alfaro.
260 _aChapingo, Méx. :
_bEl autor,
_c2016.
500 _aPara ver el contenido del material haga clic en la liga
502 _aTesis (Ing. Agr. Esp. en Parasitología Agrícola) -- UACH. Departamento de Parasitología Agrícola
590 _aE11695DGD
_b10
_c20160408
_lUCH01
_h1354
590 _aE5652GLJ
_b05
_c20160304
_lUCH01
_h1126
590 _aE5652GLJ
_b05
_c20160304
_lUCH01
_h1127
650 1 4 _aHerbicidas
_xAplicación.
_953692
650 1 4 _aHerbicidas
_xEfecto en pastos.
_953695
650 1 4 _aLabranza de conservación.
_964308
650 1 4 _aMaíz
_xMalas hierbas
_xControl.
_971003
856 _aFinding aid
_uhttp://10.13.5.2/tesis/sist112353.pdf
_zTeclea aquí
901 _aBK
942 _cTESIS
942 _n0
999 _c108814
_d108814